00727nam a2200241 a 4500001001300000003000900013005001700022008004100039020001000080082001500090100002500105245007200130260004800202300000900250500003500259505001000294650003200304700002500336902000800361942000700369952009400376999001500470nice12345678IN_TiNIC20260116011453.0050524s1891 lona grp 000 0 eng  ac10000a220.5bCUS aCust, Robert Needham aLinguistic and Oriental Essaysb Written from the Year 1847 to 1890 aLondonbKegna Paul Trench and Companyc1891 a608p aincludes index and biblioraphy2 aindex aBible-Versions-Translations1 aCust, Robert Needham bSRS cBK 00104070aHMIbHMId2008-09-24g100.00l0o220.5 CUSp364r2008-09-24w2026-01-16yARB c1830d1830